[Event "Langenhagen-ch op"]
[Site "Langenhagen"]
[Date "2003.06.20"]
[Round "4"]
[White "Bork, Juergen"]
[Black "Imelmann, Esther"]
[Result "1/2-1/2"]
[WhiteElo "1545"]
[BlackElo "1421"]
[PlyCount "45"]
[EventDate "2003.05.30"]
[EventType "swiss"]
[EventRounds "7"]
[EventCountry "GER"]
[SourceTitle "EXT 2021"]
[Source "ChessBase"]
[SourceDate "2020.10.23"]
[SourceVersion "1"]
[SourceVersionDate "2020.10.23"]
[SourceQuality "1"]

1. e4 c5 2. Nf3 d6 3. c3 d5 4. Bb5+ Bd7 5. Bxd7+ Qxd7 6. exd5 Qxd5 7. d4 e6 8. 0-0 Bd6 9. dxc5 Qxd1 10. Rxd1 Bxc5 11. Bg5 Nd7 12. Nbd2 Ngf6 13. Nc4 b5 14. Nd6+ Bxd6 15. Rxd6 Ne4 16. Rd4 Nxg5 17. Nxg5 e5 18. Re1 f6 19. Nh3 Ke7 20. Rd5 a6 21. f4 Ke6 22. Red1 Ra7 23. f5+ 1/2-1/2

[Event "Langenhagen-ch op"]
[Site "Langenhagen"]
[Date "2003.05.30"]
[Round "1"]
[White "Wittur, Helge"]
[Black "Bork, Juergen"]
[Result "1/2-1/2"]
[WhiteElo "1980"]
[BlackElo "1545"]
[PlyCount "71"]
[EventDate "2003.05.30"]
[EventType "swiss"]
[EventRounds "7"]
[EventCountry "GER"]
[SourceTitle "EXT 2021"]
[Source "ChessBase"]
[SourceDate "2020.10.23"]
[SourceVersion "1"]
[SourceVersionDate "2020.10.23"]
[SourceQuality "1"]

1. d4 d5 2. c4 c6 3. cxd5 cxd5 4. Nc3 Bf5 5. e3 Nf6 6. Nf3 a6 7. Qb3 b5 8. a4 bxa4 9. Rxa4 Bd7 10. Ra1 e6 11. Bd2 Be7 12. Bd3 0-0 13. Ne5 Nc6 14. Nxd7 Qxd7 15. Qa4 Nb4 16. Bb1 Qxa4 17. Nxa4 Nd7 18. Ke2 Rfc8 19. Bxb4 Bxb4 20. Bd3 Rc6 21. Rhc1 Rac8 22. Kd1 Rxc1+ 23. Rxc1 Rxc1+ 24. Kxc1 a5 25. Bb5 Nf6 26. f3 Kf8 27. Kc2 Ke7 28. Nc5 Ne8 29. Nd3 Bd6 30. Bxe8 Kxe8 31. g3 Kd7 32. Kb3 Kc6 33. Ka4 Bc7 34. Nc5 Kb6 35. Nb3 Ka6 36. Nc5+ 1/2-1/2